000 01299cam a2200337 i 4500
001 34194
005 20230410132956.0
008 780420s1977 fr 001 0 fre
035 _9(DLC) 78340795
035 _a854993
010 _a78340795
015 _aF77-7639
020 _a2707301515 :
_c37.00F
040 _aDLC
_cDLC
_dDLC
041 1 _afrerus
050 1 4 _aB 809.8
_bB168m 1977
082 0 0 _a335.4/11
100 1 _aBakhtine, Mikhail
245 1 3 _aLe Marxisme et la philosophie du langage :
_bessai d'application de la méthode sociologique en linguistique /
_cMikhail Bakhtine ; [avec la collaboration de] V. N. Volochinov ... ; traduit du russe et présenté par Marina Yaguello.
260 _aParis :
_bEditions de Minuit,
_c1977.
300 _a233 p. ;
_c22 cm.
490 0 _aCollection Le Sens commun
500 _aTranslation of : Marksizm i filosofiëiìa ëiìazyka.
500 _aThe translator attributes true authorship to M. Bakhtin, though first published, for political reasons, as the work of Voloshinov alone.
500 _aIncludes index.
650 0 _aDialectical materialism.
650 0 _aLanguage and languages
_xPhilosophy.
700 1 _aVoloshinov, V. N.
700 1 _aBakhtin, M. M.
_q(Mikhail Mikhaæilovich),
_d1895-1975.
942 _2lcc
_cbk
999 _c91211
_d91211